Central Library OPAC University of Rajshahi

Biochemical actions of hormones / (Record no. 13966)

MARC details
000 -LEADER
fixed length control field 00694nam a2200241 a 4500
001 - CONTROL NUMBER
control field 13966
003 - CONTROL NUMBER IDENTIFIER
rucl marc code BD-RjUL
005 - DATE AND TIME OF LATEST TRANSACTION
control field 20211208235539.0
008 - FIXED-LENGTH DATA ELEMENTS--GENERAL INFORMATION
fixed length control field 140203s1972 nyuuu b 0 1 a0eng c
035 ## - SYSTEM CONTROL NUMBER
System control number (BD-RjUL)14018
040 ## - CATALOGING SOURCE
Original cataloging agency PPiU
Transcribing agency PPiU
Modifying agency BD-RjUL
Language of cataloging eng
041 ## - LANGUAGE CODE
Language code of text/sound track or separate title eng
082 00 - DEWEY DECIMAL CLASSIFICATION NUMBER
Classification number 571.74
Edition number 23
Author mark and year BIO 1972
245 00 - TITLE STATEMENT
Title Biochemical actions of hormones /
Statement of responsibility, etc. Edited by Gerald Litwack.
260 3# - PUBLICATION, DISTRIBUTION, ETC. (IMPRINT)
Place of publication, distribution, etc. New York :
Name of publisher, distributor, etc. Academic Press,
Date of publication, distribution, etc. c1972.
300 ## - PHYSICAL DESCRIPTION
Pagination V. :
Illustrations ill. ;
Size 24 cm.
504 ## - BIBLIOGRAPHY, ETC. NOTE
Bibliography, etc Includes bibliographies and index.
505 0# - FORMATTED CONTENTS NOTE
Formatted contents note Vol. 2 -- V.-1--
650 ## - SUBJECT ADDED ENTRY--TOPICAL TERM
Topical term or geographic name as entry element Biochemistry of control
9 (RLIN) 204953
700 1# - ADDED ENTRY--PERSONAL NAME
Personal name Litwack, Gerald.
942 ## - ADDED ENTRY ELEMENTS (KOHA)
Source of classification or shelving scheme Dewey Decimal Classification
Koha item type Books
Holdings
Lost status Source of classification or shelving scheme Damaged status Not for loan Collection code Permanent Location Current Location Shelving location Date acquired Source of acquisition Cost, normal purchase price Total Checkouts Full call number Date last seen Copy number Koha item type
  Dewey Decimal Classification     Non-fiction Central Library, University of Rajshahi Central Library, University of Rajshahi   09/04/1977 W. Heffer and sons. 96.40   571.74 BIO V-2 1972 03/02/2014 C-2 Books
  Dewey Decimal Classification   Not For Loan Non-fiction Central Library, University of Rajshahi Central Library, University of Rajshahi Reading Room 08/12/2021 W.Heffer and Sons 96.40   571.74 BIO V-1 1973 10/04/2017 C-1 Books
  Dewey Decimal Classification   Not For Loan Non-fiction Central Library, University of Rajshahi Central Library, University of Rajshahi Reading Room 09/04/1977 Heffer 96.40   571.74 BIO V-2 1972 20/05/2017 C-1 Books
  Dewey Decimal Classification     Non-fiction Central Library, University of Rajshahi Central Library, University of Rajshahi   09/04/1977 Heffer 96.40   571.74 BIO V-1 1972 20/05/2017 C-2 Books